Voting behavior in the forty-five cities of Los Angeles county (Record no. 478619)

000 -LEADER
fixed length control field 00538cam a22001337a 4500
008 - FIXED-LENGTH DATA ELEMENTS--GENERAL INFORMATION
fixed length control field 180718b1953 xxu||||| |||| 00| 0 eng d
082 ## - DEWEY DECIMAL CLASSIFICATION NUMBER
Classification number F8x79494 C128
100 ## - MAIN ENTRY--PERSONAL NAME
Personal name O'Rourke, Lawrence W.
245 ## - TITLE STATEMENT
Title Voting behavior in the forty-five cities of Los Angeles county
Statement of responsibility, etc. by Lawrence W. O'Rourke and California. University. Bureau of Governmental Research
260 ## - PUBLICATION, DISTRIBUTION, ETC.
Place of publication, distribution, etc. Los Angeles
Name of publisher, distributor, etc. The Bureau
Date of publication, distribution, etc. 1953
300 ## - PHYSICAL DESCRIPTION
Extent 107p.
650 ## - SUBJECT ADDED ENTRY--TOPICAL TERM
Topical term or geographic name entry element Voting --California --Los Angeles County
700 ## - ADDED ENTRY--PERSONAL NAME
Personal name California. University. Bureau of Governmental Research
Holdings
Withdrawn status Lost status Damaged status Not for loan Permanent Location Current Location Date acquired Full call number Barcode Date last seen Price effective from Koha item type
        Indian Institute of Public Administration Indian Institute of Public Administration 2018-08-04 F8x79494 C128 GR5968 2018-08-04 2018-08-04 GR

Powered by Koha